[Event "China zt 3.5 2014"]
[Site "Zhongshan CHN"]
[Date "2014.11.05"]
[Round "11.8"]
[White "Bai, Jinshi"]
[Black "Ma, Zhonghan"]
[Result "1/2-1/2"]
[WhiteTitle "IM"]
[WhiteElo "2406"]
[BlackElo "2471"]
[WhiteFideId "8602280"]
[BlackFideId "8607206"]
[EventDate "2014.10.26"]

1. d4 Nf6 2. c4 e6 3. g3 d5 4. Nf3 dxc4 5. Bg2 Nc6 6. Qa4 Bb4+ 7. Bd2 Nd5 8.
Bxb4 Nxb4 9. Nc3 Bd7 10. O-O a6 11. Ne5 b5 12. Qa3 Rb8 13. Nxc6 Nxc6 14. d5 b4
15. Qxa6 Ne5 16. dxe6 Bxe6 17. Rfd1 Qc8 18. Qa4+ c6 19. Ne4 O-O 20. Qa7 Bd5 21.
Nd6 Qe6 22. Qc5 Bxg2 23. Kxg2 Rfd8 24. Rd4 Ng4 25. Qxc4 Qxc4 26. Rxc4 Rxd6 27.
Rxg4 Rd2 28. Rc4 Rxb2 29. Rxc6 Rxe2 30. Rb1 g6 31. Rc4 Rxa2 32. Rbxb4 Rxb4 33.
Rxb4 Kg7 1/2-1/2

[Event "China zt 3.5 2014"]
[Site "Zhongshan CHN"]
[Date "2014.11.05"]
[Round "11.9"]
[White "Liu, Guanchu"]
[Black "Yuan, Qingyu"]
[Result "0-1"]
[WhiteTitle "IM"]
[WhiteElo "2409"]
[BlackElo "2358"]
[WhiteFideId "8603901"]
[BlackFideId "8609772"]
[EventDate "2014.10.26"]

1. e4 c5 2. Nf3 d6 3. d4 cxd4 4. Nxd4 Nf6 5. Nc3 a6 6. Be3 e5 7. Nb3 Be6 8. Qd2
Be7 9. O-O-O Nbd7 10. f4 b5 11. Kb1 O-O 12. f5 Bc4 13. g4 Nxg4 14. Rg1 Nxe3 15.
Qxe3 Bxf1 16. Rdxf1 Kh8 17. Nc1 h6 18. Nd3 Bg5 19. Qe2 Rc8 20. Nd5 a5 21. Ne1
Nf6 22. Nxf6 Bxf6 23. Qxb5 Rc5 24. Qb7 Qe8 25. Nd3 Rb5 26. Qa6 d5 27. Re1 Qb8
28. b3 Rd8 29. a4 Rb6 30. Qxa5 dxe4 31. Nb2 Rd4 32. Re2 Bg5 33. Qc5 Rbd6 34. Ka2
R6d5 35. Qc6 Rd6 36. Qb5 Rb6 37. Qc5 e3 38. Nc4 Rb4 39. Qxe5 Qa7 40. Qa5 Qb8 41.
c3 Rbxc4 42. cxd4 Rxd4 43. Qc5 Qd8 44. Rc1 Kh7 45. Rcc2 Rd3 46. h4 Be7 47. Qc4
Qd6 48. Kb1 Bf6 49. Rc1 Rd1 50. Qc2 Rd2 51. Qc4 Rd4 52. Qxf7 Rg4 53. Qc7 Qa3 0-1

[Event "China zt 3.5 2014"]
[Site "Zhongshan CHN"]
[Date "2014.11.05"]
[Round "11.10"]
[White "Chu, Wei Chao"]
[Black "Zhang, Ziji"]
[Result "1/2-1/2"]
[WhiteTitle "IM"]
[WhiteElo "2369"]
[BlackElo "2190"]
[WhiteFideId "8605661"]
[BlackFideId "8609470"]
[EventDate "2014.10.26"]

1. d4 d5 2. c4 c6 3. cxd5 cxd5 4. Nc3 Nf6 5. Nf3 Nc6 6. Bf4 Bf5 7. e3 e6 8. Bd3
Bxd3 9. Qxd3 Bd6 10. Bxd6 Qxd6 11. O-O O-O 12. Rfc1 Rfc8 13. Ne2 Ne7 14. Rxc8+
Rxc8 15. Rc1 Rxc1+ 16. Nxc1 Ne4 17. Qc2 Qc6 18. Qxc6 Nxc6 19. Nd3 Kf8 20. Kf1
Ke7 21. Ke2 Kd6 22. Nd2 Nxd2 23. Kxd2 f6 24. f4 f5 25. h4 h5 26. Kc3 b6 27. Nb4
Nxb4 28. Kxb4 Kc6 29. Kc3 g6 30. b4 a6 31. a4 b5 32. a5 1/2-1/2

[Event "China zt 3.5 2014"]
[Site "Zhongshan CHN"]
[Date "2014.11.05"]
[Round "11.11"]
[White "Fang, Yan"]
[Black "Dai, Changren"]
[Result "1/2-1/2"]
[WhiteElo "2267"]
[BlackElo "2283"]
[WhiteFideId "8604746"]
[BlackFideId "8608156"]
[EventDate "2014.10.26"]

1. e4 c5 2. Nc3 Nc6 3. Nf3 d6 4. d4 cxd4 5. Nxd4 Nf6 6. Bc4 Bd7 7. Bb3 g6 8. f3
Bg7 9. Be3 O-O 10. Qd2 Na5 11. Bh6 Bxh6 12. Qxh6 b5 13. Ndxb5 Qb6 14. Na3 Rac8
15. Qd2 Rc5 16. Rd1 Rfc8 17. Qf2 Qa6 18. Qe2 Qb6 19. Qf2 Qa6 20. Qe2 Qb6 1/2-1/2

[Event "China zt 3.5 2014"]
[Site "Zhongshan CHN"]
[Date "2014.11.05"]
[Round "11.12"]
[White "Wu, Xibin"]
[Black "Xu, Zhihang"]
[Result "1-0"]
[WhiteTitle "IM"]
[WhiteElo "2278"]
[BlackElo "2119"]
[WhiteFideId "8600309"]
[BlackFideId "8611572"]
[EventDate "2014.10.26"]

1. c4 e6 2. d4 d5 3. Nc3 Nf6 4. cxd5 exd5 5. Bg5 Bb4 6. e3 h6 7. Bxf6 Qxf6 8.
Qa4+ Nc6 9. Bb5 Bd7 10. Ne2 Qg5 11. O-O Bd6 12. f4 Qf5 13. Ng3 Qg4 14. Nxd5 O-O
15. e4 a6 16. Be2 Qe6 17. Qd1 Rad8 18. f5 Qe8 19. Nh5 f6 20. Bc4 Kh8 21. Qg4 Rg8
22. Qh4 Nxd4 23. Nhxf6 Be7 24. Qh3 Bxf6 25. Nxf6 Qe5 26. Nxg8 Qc5 27. Kh1 Qxc4
28. Nxh6 1-0

[Event "China zt 3.5 2014"]
[Site "Zhongshan CHN"]
[Date "2014.11.05"]
[Round "11.13"]
[White "Wang, Chen"]
[Black "Zhao, Zhouqiao CHN"]
[Result "1-0"]
[WhiteTitle "IM"]
[BlackTitle "FM"]
[WhiteElo "2508"]
[BlackElo "2228"]
[WhiteFideId "8601020"]
[BlackFideId "8608342"]
[EventDate "2014.10.26"]

1. d4 d5 2. c4 dxc4 3. e3 e6 4. Nd2 c5 5. dxc5 c3 6. bxc3 Bxc5 7. Qg4 Kf8 8. Nb3
Nf6 9. Qc4 Be7 10. Bb2 Nc6 11. Nf3 Qb6 12. Qd3 Bd7 13. Be2 Rd8 14. O-O Be8 15.
Qc2 Nd7 16. Rfd1 Rc8 17. Nfd2 Nb4 18. Qb1 Nd5 19. c4 N5f6 20. a4 a6 21. c5 Qc7
22. Nc4 Rd8 23. Bc3 Rb8 24. Ba5 Qc6 25. Bf3 Nd5 26. e4 N5f6 27. e5 Nd5 28. Bb6
N7xb6 29. Nxb6 Rd8 30. Nxd5 exd5 31. Na5 Qc7 32. Qb6 Qxe5 33. Nxb7 Rc8 34. Bxd5
h5 35. Qxa6 Bxc5 36. Nxc5 Rxc5 37. Qa8 Qc3 38. a5 Rh6 39. a6 Rd6 40. Re1 Rc8 41.
Qxc8 Qxc8 42. a7 Rxd5 43. a8=Q Rd8 44. Qa7 g6 45. Qe7+ Kg8 46. Rac1 Qa8 47. Qf6
Rc8 48. Rxc8 Qxc8 49. h3 Ba4 50. Rb1 Bc2 51. Rb4 Qc7 52. Rd4 1-0

[Event "China zt 3.5 2014"]
[Site "Zhongshan CHN"]
[Date "2014.11.05"]
[Round "11.14"]
[White "Li, Hanbin"]
[Black "Xiang, Zeyu"]
[Result "0-1"]
[WhiteElo "2257"]
[BlackElo "2107"]
[WhiteFideId "8602670"]
[BlackFideId "8608547"]
[EventDate "2014.10.26"]

1. e4 c5 2. Nf3 e6 3. d4 cxd4 4. Nxd4 Nc6 5. Nc3 Qc7 6. g3 a6 7. Bg2 Nf6 8. O-O
Nxd4 9. Qxd4 Bc5 10. Bf4 d6 11. Qd3 Nd7 12. Na4 e5 13. Be3 Bxe3 14. Qxe3 b5 15.
Nc3 Nb6 16. Rfd1 Be6 17. b3 O-O 18. Rd2 Rac8 19. Ne2 Rfd8 20. Rad1 a5 21. f4 f6
22. f5 Bf7 23. g4 Rd7 24. Ng3 Rcd8 25. g5 Qc5 26. Qxc5 dxc5 27. Rxd7 Rxd7 28.
Rxd7 Nxd7 29. gxf6 gxf6 30. Kf2 c4 31. Ke3 Kf8 32. Bf1 Ke7 33. Be2 Kd6 34. bxc4
b4 35. Nh5 Kc5 36. Ng7 Nf8 37. Nh5 Nd7 38. Ng7 Bxc4 39. Ne6+ Kb5 40. Nc7+ Kc6
41. Bxc4 Kxc7 42. Bg8 h6 43. Bf7 Kd6 44. Bd5 Nb6 45. Bb3 Kc5 46. Kd3 Nc8 47. Be6
Nd6 48. Bd5 Nb5 49. Bf7 Nd4 50. Bh5 Nb5 51. Bf7 Nc3 52. Be6 Kb5 53. Bd7+ Kb6 54.
Be6 Kc5 55. Bf7 Nb5 56. Be8 Nd6 57. Bd7 Nf7 58. h4 Nd6 59. Be6 Nb5 60. Bf7 Nc3
61. Be6 Kb5 62. Bd7+ Kb6 63. Be6 Kc5 64. Bf7 Nb5 65. Be8 Nd4 66. Bh5 Kc6 67. c3
b3 68. axb3 Nxb3 69. Kc4 Nc5 70. Bf7 Kd6 71. Bd5 Na4 72. Bf7 Nb2+ 73. Kb3 Nd1
74. Kc2 Ne3+ 75. Kd3 Ng2 76. h5 Kc5 77. Be8 Nf4+ 78. Kc2 Ne2 79. Kd3 Nf4+ 80.
Kc2 a4 81. Bxa4 Nxh5 82. Bb3 Nf4 83. Kd2 h5 84. Ke3 h4 85. Kf3 h3 86. Kg3 Ne2+
87. Kxh3 Nxc3 88. Bc2 Kd4 89. Kg4 Nxe4 90. Kh5 Nc3 0-1

[Event "China zt 3.5 2014"]
[Site "Zhongshan CHN"]
[Date "2014.11.05"]
[Round "11.15"]
[White "Bao, Qilin"]
[Black "Xu, Minghui"]
[Result "1/2-1/2"]
[WhiteElo "2249"]
[BlackElo "2140"]
[WhiteFideId "8605750"]
[BlackFideId "8606790"]
[EventDate "2014.10.26"]

1. Nf3 Nf6 2. c4 g6 3. Nc3 d5 4. cxd5 Nxd5 5. e4 Nxc3 6. dxc3 Qxd1+ 7. Kxd1 f6
8. h4 Bg4 9. Kc2 e5 10. Be3 Nd7 11. Bc4 Bc5 12. Nh2 Bxe3 13. Nxg4 Bb6 14. h5 Ke7
15. f3 Raf8 16. Rae1 Nc5 17. Rh2 Ne6 18. Reh1 g5 19. Nh6 Ng7 20. g4 Be3 21. Rd1
Rd8 22. Rhh1 c6 23. Rxd8 Rxd8 24. Ng8+ Kf8 25. Nxf6 Rd2+ 26. Kb1 h6 27. a4 Ne8
28. Ng8 Kg7 29. Ne7 Nd6 30. Bb3 Kf6 31. Ng6 b6 32. Re1 Bf2 33. Rd1 Nc4 34. Kc1
Rxd1+ 35. Kxd1 Nd6 36. Ba2 a5 37. Ke2 Bc5 38. Nf8 Ke7 39. Ne6 Bg1 40. b4 Nb7 41.
Kd2 Bf2 42. Kc2 Be3 43. b5 cxb5 44. Nc7 Bc5 45. axb5 Nd6 46. Nd5+ Kd8 47. Kb3
Nxb5 48. Ka4 Nc7 49. Nf6 Bf8 1/2-1/2

[Event "China zt 3.5 2014"]
[Site "Zhongshan CHN"]
[Date "2014.11.05"]
[Round "11.16"]
[White "Zhang, Xiaopeng"]
[Black "Lan, Zilun"]
[Result "1-0"]
[WhiteElo "2228"]
[BlackElo "2147"]
[WhiteFideId "8604037"]
[BlackFideId "8604193"]
[EventDate "2014.10.26"]

1. e4 c6 2. d4 g6 3. Nc3 Bg7 4. Be3 d5 5. e5 c5 6. f4 Nc6 7. Nf3 Bg4 8. Be2 cxd4
9. Nxd4 Bxe2 10. Qxe2 Nxd4 11. Bxd4 e6 12. Nb5 Qa5+ 13. b4 Qxb4+ 14. c3 Qa5 15.
Nd6+ Kf8 16. Nxb7 Qa4 17. O-O Ne7 18. Rab1 Nc6 19. Bc5+ Kg8 20. Nd6 Bf8 21. Rb7
Nd8 22. Rb4 Qc6 23. Qf2 Bxd6 24. Bxd6 Qd7 25. Rfb1 Kg7 26. Qh4 Re8 27. Qf6+ Kg8
28. h4 a5 29. h5 h6 30. R4b3 Kh7 31. c4 dxc4 32. Rh3 Rg8 33. Bf8 Rxf8 34. hxg6+
fxg6 35. Qxf8 h5 36. Qd6 Qa7+ 37. Kh1 Rc8 38. Rc3 Kg8 39. Rd1 Qf2 40. Qe7 Nf7
41. Qxe6 Qh4+ 42. Kg1 1-0

[Event "China zt 3.5 2014"]
[Site "Zhongshan CHN"]
[Date "2014.11.05"]
[Round "11.17"]
[White "Shen, Chenyi"]
[Black "Zhao, Yuanhe"]
[Result "1-0"]
[WhiteElo "2066"]
[BlackElo "2091"]
[WhiteFideId "8609071"]
[BlackFideId "8609497"]
[EventDate "2014.10.26"]

1. e4 c5 2. Nf3 e6 3. c3 Nf6 4. e5 Nd5 5. d4 cxd4 6. cxd4 d6 7. a3 Nc6 8. Bd3
Be7 9. O-O O-O 10. Qc2 g6 11. Bh6 Re8 12. Nc3 Nxc3 13. Qxc3 d5 14. g3 Qb6 15.
Rad1 Bd7 16. Qc2 Rec8 17. Qe2 Na5 18. h4 Ba4 19. Rb1 Nb3 20. Be3 h5 21. g4 hxg4
22. Ne1 Kg7 23. Qxg4 Bb5 24. h5 Bxd3 25. Nxd3 Rg8 26. Nf4 g5 27. Nh3 Kh7 28. Kh1
Qa6 29. Rbd1 Rg7 30. Rg1 f5 31. exf6 Bxf6 32. f4 gxf4 33. Qxf4 Rf8 34. Qh6+ Kg8
35. Rxg7+ Bxg7 36. Rg1 Rf7 37. Qg5 Qd3 38. h6 Qe4+ 39. Kh2 Qc2+ 40. Rg2 Qc7+ 41.
Kg1 Rf3 42. Qh5 Rg3 43. hxg7 Rxg2+ 44. Kxg2 Qc2+ 45. Kg3 Kxg7 46. Qh6+ Kf7 47.
Ng5+ Kg8 48. Qxe6+ Kg7 49. Qf7+ Kh6 50. Ne6# 1-0

[Event "China zt 3.5 2014"]
[Site "Zhongshan CHN"]
[Date "2014.11.05"]
[Round "11.18"]
[White "Jia, Haoxiang"]
[Black "Peng, Hongchi"]
[Result "1-0"]
[WhiteTitle "IM"]
[WhiteElo "2424"]
[BlackElo "2144"]
[WhiteFideId "8602999"]
[BlackFideId "8609047"]
[EventDate "2014.10.26"]

1. Nf3 Nf6 2. c4 e6 3. d4 d5 4. g3 Be7 5. Bg2 O-O 6. O-O dxc4 7. Qc2 a6 8. a4
Bd7 9. Qxc4 Bc6 10. Bf4 Bd6 11. Bg5 Nbd7 12. Nc3 h6 13. Bxf6 Nxf6 14. Qd3 Nd5
15. e4 Nxc3 16. bxc3 e5 17. dxe5 Bc5 18. Qc4 Qe7 19. Nd4 Bd7 20. Rfd1 b5 21.
axb5 axb5 22. Nxb5 Rxa1 23. Rxa1 Qxe5 24. Nd4 Bb6 25. f4 Be6 26. Qb4 Qh5 27. f5
Bd7 28. Qe7 Bb5 29. Kh1 Re8 30. Qb4 Bd3 31. Qa4 Re5 32. Nc6 Re8 33. Nb4 Rd8 34.
Qd1 Qg5 35. Nc6 Rd7 36. Ra8+ Kh7 37. Ne5 Be2 38. Nxd7 1-0

[Event "China zt 3.5 2014"]
[Site "Zhongshan CHN"]
[Date "2014.11.05"]
[Round "11.19"]
[White "Fang, Yuxiang"]
[Black "Chen, Qi b"]
[Result "1/2-1/2"]
[WhiteElo "2325"]
[BlackElo "1925"]
[WhiteFideId "8605840"]
[BlackFideId "8614733"]
[EventDate "2014.10.26"]

1. Nf3 Nf6 2. c4 g6 3. b3 Bg7 4. Bb2 O-O 5. g3 c5 6. Bg2 Nc6 7. O-O d6 8. d4
cxd4 9. Nxd4 Bd7 10. Nc3 Rb8 11. Rc1 a6 12. Nd5 Nxd5 13. Bxd5 Nb4 14. Qd2 Nxd5
15. cxd5 Qb6 16. h4 h5 17. Kg2 Rbc8 18. e4 Rxc1 19. Rxc1 Rc8 20. Nf5 Bxf5 21.
exf5 Rxc1 22. Qxc1 Qc5 23. Qxc5 dxc5 24. Ba3 Bd4 25. fxg6 fxg6 26. f4 Kf7 27.
Kf3 e6 28. dxe6+ Kxe6 29. Ke4 Bf2 30. Kf3 Bd4 31. Ke4 Bf2 32. Kf3 Bd4 33. Ke4 1/2-1/2

[Event "China zt 3.5 2014"]
[Site "Zhongshan CHN"]
[Date "2014.11.05"]
[Round "11.20"]
[White "Nie, Xinyang"]
[Black "Xu, Xiangyu"]
[Result "0-1"]
[WhiteElo "1911"]
[BlackElo "2152"]
[WhiteFideId "8607222"]
[BlackFideId "8608288"]
[EventDate "2014.10.26"]

1. d4 f5 2. c4 Nf6 3. Nc3 g6 4. Bf4 Bg7 5. e3 d6 6. Be2 O-O 7. h4 h6 8. Qd2 Nc6
9. O-O-O a5 10. f3 a4 11. e4 a3 12. Bxh6 axb2+ 13. Kb1 f4 14. Bxf4 Nxd4 15. Bh6
c5 16. g4 Qa5 17. Bxg7 Kxg7 18. Bd3 Be6 19. h5 Rh8 20. Qxb2 Ra6 21. g5 Rb6 22.
gxf6+ exf6 23. Nb5 Nxb5 24. cxb5 c4 25. Ka1 Rxb5 26. Qd2 cxd3 27. h6+ Kh7 28.
Qxa5 Rxa5 29. Rxd3 Rxa2+ 30. Kb1 Ra6 31. Ne2 Rha8 32. Nc1 Rc8 33. Rh2 Rxc1+ 34.
Kxc1 Ra1+ 35. Kd2 Ra2+ 36. Ke3 Rxh2 37. Rxd6 Bc4 38. Rb6 Kxh6 39. Rxb7 g5 40.
Rc7 Bf1 41. Rc8 Re2+ 42. Kd4 Bg2 43. Rc3 Rf2 44. Kd5 Rxf3 45. Rc2 Bh3 46. e5 Rf5 0-1

[Event "China zt 3.5 2014"]
[Site "Zhongshan CHN"]
[Date "2014.11.05"]
[Round "11.21"]
[White "Li, Di"]
[Black "Lin, Yi"]
[Result "1-0"]
[WhiteTitle "FM"]
[WhiteElo "2189"]
[BlackElo "2013"]
[WhiteFideId "8607508"]
[BlackFideId "8609659"]
[EventDate "2014.10.26"]

1. d4 Nf6 2. Nf3 g6 3. Bf4 Bg7 4. Nbd2 d5 5. e3 O-O 6. h3 c5 7. c3 Nc6 8. Be2 b6
9. Ne5 Bb7 10. Nxc6 Bxc6 11. Be5 Qd7 12. a4 Rfe8 13. O-O Qb7 14. b4 c4 15. g4
Red8 16. Bf3 a6 17. Bg2 b5 18. a5 Bf8 19. f3 Nd7 20. Bg3 Bg7 21. h4 e5 22. g5
Re8 23. Qc2 exd4 24. exd4 Nf8 25. f4 Bd7 26. f5 Bxf5 27. Rxf5 gxf5 28. Rf1 Rad8
29. h5 Qe7 30. Rxf5 Qe6 31. Nf3 Nd7 32. h6 Bh8 33. Nh2 Nf8 34. Ng4 Ng6 35. Qf2
Rd7 36. Kh2 Qe2 37. Qf3 Re4 38. Kh3 Qc2 39. Rf6 Re6 40. Kh2 Qd2 41. Rf5 Re2 42.
Nf6+ Bxf6 43. Rxf6 Rxg2+ 44. Qxg2 Qxg5 45. Rxa6 Qxh6+ 46. Kg1 Qc1+ 47. Kh2 Qh6+
48. Kg1 Qc1+ 49. Qf1 Qxc3 50. Qf2 Qc1+ 51. Kg2 Qg5 52. Ra8+ Kg7 53. a6 Qe7 54.
Qf5 Qe2+ 55. Kh3 Qe7 56. Rc8 Ra7 57. Rc6 Ra8 58. Qxd5 Rd8 59. Qf5 Kh6 60. d5 Qe3
61. a7 Re8 62. Qf4+ Qxf4 63. Bxf4+ Kg7 64. Bg3 f5 65. d6 Nf8 66. d7 Nxd7 67. Rc7
Kf6 68. Rxd7 h5 69. Re7 Rd8 70. Rb7 Ra8 71. Bb8 c3 72. Rxb5 1-0

[Event "China zt 3.5 2014"]
[Site "Zhongshan CHN"]
[Date "2014.11.05"]
[Round "11.22"]
[White "Teng, Jiarong"]
[Black "Yang, Jie"]
[Result "1/2-1/2"]
[WhiteElo "2092"]
[BlackElo "2325"]
[WhiteFideId "8609977"]
[BlackFideId "8602336"]
[EventDate "2014.10.26"]

1. e4 c5 2. Nf3 Nc6 3. Bb5 g6 4. O-O Bg7 5. d3 a6 6. Bxc6 dxc6 7. Nbd2 Nh6 8. a4
a5 9. Nb3 b6 10. Bf4 Ng4 11. h3 Nf6 12. Be5 O-O 13. Re1 Ba6 14. Qe2 Qc8 15. Qe3
Ra7 16. Rad1 Qe6 17. Bc3 Raa8 18. Be5 Ng4 19. hxg4 Bxe5 20. Nxe5 Qxe5 21. d4
cxd4 22. Qxd4 Qxd4 23. Rxd4 Rfd8 24. Red1 Rxd4 25. Rxd4 Kf8 26. g5 c5 27. Rd1
Bb7 28. Nd2 Rd8 29. f3 Bc6 30. Kf2 Bxa4 31. b3 Bc6 32. Ke3 f6 33. Rh1 Kg7 34.
gxf6+ exf6 35. Nc4 Rb8 36. Rd1 a4 37. Rd6 Bb5 38. Na3 Be8 39. bxa4 Bxa4 40. c4
Kf7 41. Nb5 Ke7 42. Rc6 Rb7 43. Rc7+ Rxc7 44. Nxc7 Kf7 45. Nd5 Bb3 46. Nxb6 Ke6
47. Kd3 f5 48. exf5+ Kxf5 49. Nd7 Kf4 50. Nxc5 Bxc4+ 51. Kxc4 Kg3 52. Kd4 Kxg2
53. Ke3 h5 54. Ne6 h4 55. Nf4+ Kg3 56. Ne2+ Kg2 57. Nf4+ Kg3 1/2-1/2

[Event "China zt 3.5 2014"]
[Site "Zhongshan CHN"]
[Date "2014.11.05"]
[Round "11.23"]
[White "Yu, Kaifeng"]
[Black "Yan, Xuesong"]
[Result "1-0"]
[WhiteTitle "FM"]
[WhiteElo "2123"]
[BlackElo "1900"]
[WhiteFideId "8609667"]
[BlackFideId "8609764"]
[EventDate "2014.10.26"]

1. d4 Nf6 2. c4 e6 3. Nf3 Bb4+ 4. Bd2 Qe7 5. g3 O-O 6. Bg2 Bxd2+ 7. Qxd2 d6 8.
O-O e5 9. Nc3 c6 10. c5 exd4 11. cxd6 Qxd6 12. Qxd4 Qxd4 13. Nxd4 Nbd7 14. e4
Nb6 15. Rfe1 Nfd7 16. Rad1 a5 17. f4 Nc5 18. e5 g6 19. h3 h5 20. Kh2 Nba4 21.
Nxa4 Nxa4 22. Rd2 Nc5 23. Rc1 Ne6 24. Ne2 Ng7 25. Nc3 Be6 26. Rcd1 Nf5 27. Rd3
a4 28. Bf3 Rfc8 29. g4 hxg4 30. hxg4 Nh4 31. Be2 b5 32. Kg3 g5 33. f5 Bc4 34.
R3d2 Bxe2 35. Rxe2 Rd8 36. Red2 Rxd2 37. Rxd2 Re8 38. Ne4 Nxf5+ 39. gxf5 Rxe5
40. Nd6 f6 41. Kg4 Rc5 42. Nb7 Rc4+ 43. Kh5 Kf7 44. Nd6+ 1-0

[Event "China zt 3.5 2014"]
[Site "Zhongshan CHN"]
[Date "2014.11.05"]
[Round "11.24"]
[White "Liu, Zhaoqi"]
[Black "Zhou, Xiangheng"]
[Result "1-0"]
[WhiteElo "2073"]
[BlackElo "1682"]
[WhiteFideId "8609381"]
[BlackFideId "8607907"]
[EventDate "2014.10.26"]

1. d4 d5 2. c4 c6 3. Nf3 Nf6 4. Nc3 dxc4 5. a4 Bf5 6. Ne5 e6 7. f3 Bb4 8. Bg5
Qa5 9. Bd2 O-O 10. Nxc4 Qd8 11. e4 Bg6 12. Bg5 Be7 13. Be2 Nbd7 14. O-O c5 15.
dxc5 Nxc5 16. Qxd8 Rfxd8 17. Rad1 h6 18. Bh4 Kf8 19. a5 Nh5 20. Bxe7+ Kxe7 21.
f4 Nxe4 22. Nxe4 Bxe4 23. Rxd8 Rxd8 24. Bxh5 Bd3 25. Rc1 Rc8 26. b3 b5 27. axb6
axb6 28. Rc3 Bxc4 29. Rxc4 Rxc4 30. bxc4 1-0

[Event "China zt 3.5 2014"]
[Site "Zhongshan CHN"]
[Date "2014.11.05"]
[Round "11.25"]
[White "Yang, Yanqing"]
[Black "Huang, Zhi"]
[Result "0-1"]
[WhiteElo "1992"]
[BlackElo "2107"]
[WhiteFideId "8613575"]
[BlackFideId "8608920"]
[EventDate "2014.10.26"]

1. e4 e6 2. d4 d5 3. exd5 exd5 4. Nf3 Bd6 5. Bd3 Ne7 6. O-O O-O 7. c3 Bf5 8. Qc2
Bxd3 9. Qxd3 Nd7 10. Bg5 f6 11. Bh4 c6 12. Nbd2 Nb6 13. Bg3 Nec8 14. Rfe1 Bxg3
15. hxg3 Nd6 16. a4 a5 17. b3 Re8 18. Rxe8+ Qxe8 19. c4 Nf7 20. c5 Nc8 21. Re1
Qd7 22. Qf5 Qd8 23. g4 Ne7 24. Qf4 Ng6 25. Qe3 Kf8 26. Nf1 Qd7 27. g5 Re8 28.
Qd2 Rxe1 29. Qxe1 Nxg5 30. Nxg5 fxg5 31. Qxa5 Nf4 32. Ng3 h5 33. Qd2 Qg4 34. Qc2
g6 35. Kf1 h4 36. Ne2 Qxg2+ 37. Ke1 h3 38. Nxf4 gxf4 39. Qd2 Qe4+ 40. Kd1 0-1

[Event "China zt 3.5 2014"]
[Site "Zhongshan CHN"]
[Date "2014.11.05"]
[Round "11.26"]
[White "Wang, Jiaqi"]
[Black "Luanchen, Yuantai"]
[Result "1-0"]
[WhiteElo "1844"]
[BlackElo "1510"]
[WhiteFideId "8609128"]
[BlackFideId "8614644"]
[EventDate "2014.10.26"]

1. e4 c5 2. Nf3 d6 3. d4 cxd4 4. Nxd4 Nf6 5. Nc3 g6 6. Be3 Bg7 7. f3 Nc6 8. Qd2
O-O 9. Bc4 Bd7 10. O-O-O Rc8 11. Bb3 Ne5 12. Kb1 Nc4 13. Bxc4 Rxc4 14. h4 h5 15.
Bg5 Nxe4 16. Nxe4 Rxd4 17. Qe2 Rxd1+ 18. Rxd1 Qb6 19. c3 Bb5 20. Qc2 Re8 21. g4
hxg4 22. fxg4 Bc6 23. Ka1 d5 24. Nd2 Bf6 25. Bxf6 exf6 26. h5 Kg7 27. Nf3 Re3
28. Nd4 Re4 29. Rg1 Qd8 30. hxg6 Kxg6 31. Nf5 Qb6 32. Qh2 1-0